000 00724cam a2200265 4500
001 J3163
008 090401t1974 xxu||||| |||| 00| 0 eng d
035 _a(Sirsi) u53477
041 _aeng
050 _a347.4104016
100 _aRoberts, Michael
245 _aLands tribunal index 1965-1972.
260 _aLondon
_bRICS
_c1974
300 _a1v.(loose-leaf) ; 30cm.
350 _a0
520 _aPrepared for the RICS Library Information Service.
650 _aINDICES
650 _aLANDS TRIBUNAL
650 _aRICS LIBRARY INFORMATION SERVICE
690 _aRATING AND VALUATION
700 _aEmeny, Roger
710 _aRoyal Institution of Chartered Surveyors
_94900
942 _n0
948 _c04/03/1997
999 _c93276
_d93276